000 00279nam a2200121 a 4500
005 20141022142002.0
008 090305s19uu xx 00 eng d
050 _aAVM
245 _aMap of the Philippines.
650 _aVCD.
650 _aMap of the Philippines
942 _cAVM
999 _c276337
_d276337